[Event "large blitz knockout"]
[Site "SchemingMind.com"]
[Date "2007.07.05"]
[Round "-"]
[White "capablanca"]
[Black "tacticrules"]
[Result "1-0"]
[WhiteCountry "GER"]
[BlackCountry "GER"]
[WhiteElo "1669"]
[WhiteRD "59"]
[BlackElo "1685"]
[BlackRD "51"]
[GameID "111789"]

1. c4 Nf6 2. Nc3 e6 3. g3 Bb4 4. a3 Bxc3 5. bxc3 O-O 6. Bg2 d5 7. cxd5 exd5 8. Nf3 c6 9. O-O Bf5 10. d4 Nbd7
11. Nh4 Bg6 12. Nxg6 hxg6 13. Bg5 Qa5 14. Qb3 b5 15. a4 Ne4 16. axb5 Qxb5 17. Qxb5 cxb5 18. Bxe4 dxe4 19. Ra6 Rfe8 20. Rb1 f6
21. Bf4 g5 22. Bd6 Re6 23. Rxb5 Nb6 24. Rbxb6 Rd8 25. Rc6 Kf7 26. Rxa7+ Kg6 27. Raa6
1-0

[Event "large blitz knockout"]
[Site "SchemingMind.com"]
[Date "2007.07.10"]
[Round "-"]
[White "spoke"]
[Black "Bjorno84"]
[Result "0-1"]
[WhiteCountry "GER"]
[BlackCountry "USA"]
[WhiteElo "1711"]
[WhiteRD "63"]
[BlackElo "1864"]
[BlackRD "96"]
[GameID "112363"]

1. e4 c5 2. Nf3 d6 3. d4 cxd4 4. Nxd4 Nf6 5. Nc3 g6 6. Be3 Bg7 7. f3 O-O 8. Qd2 Bd7 9. O-O-O Nc6 10. g4 a6
11. h4 b5 12. h5 Qa5 13. hxg6 fxg6 14. Nb3 Qc7 15. Bh6 Rf7 16. Bxg7 Rxg7 17. Nd5 Nxd5 18. Qxd5+ Kf8 19. Nc5 dxc5 20. Qxd7 Qxd7
21. Rxd7 Ne5 22. Rd5 Nxf3 23. Bg2 Nd4 24. c3 Ne2+ 25. Kc2 Nf4 26. Rd2 Nxg2 27. Rf1+ Rf7 28. Rxf7+ Kxf7 29. Rxg2 Rf8 30. Kd3 Ke6
31. g5 Kf7 32. Rf2+ Kg7 33. Rxf8 Kxf8 34. a4 e5 35. axb5 axb5 36. c4 b4 37. b3 Kg7 38. Ke3 h6 39. gxh6+ Kxh6 40. Kf3 Kh5
0-1

[Event "large blitz knockout"]
[Site "SchemingMind.com"]
[Date "2007.07.10"]
[Round "-"]
[White "Bjorno84"]
[Black "spoke"]
[Result "1-0"]
[WhiteCountry "USA"]
[BlackCountry "GER"]
[WhiteElo "1864"]
[WhiteRD "96"]
[BlackElo "1711"]
[BlackRD "63"]
[GameID "112371"]

1. d4 g6 2. Nf3 Bg7 3. Bf4 d6 4. e3 e6 5. c4 Ne7 6. Nc3 O-O 7. Bd3 c5 8. Nb5 cxd4 9. exd4 e5 10. dxe5 dxe5
11. Nxe5 Bxe5 12. Bxe5 Na6 13. O-O Nc6 14. Bc3 Nc5 15. Bc2 Be6 16. b3 a6 17. Nd4 Nxd4 18. Qxd4 Qxd4 19. Bxd4 Nd7 20. Be4
1-0

[Event "large blitz knockout"]
[Site "SchemingMind.com"]
[Date "2007.07.12"]
[Round "-"]
[White "NinjaPawn"]
[Black "swashbuckler"]
[Result "1-0"]
[WhiteCountry "ENG"]
[BlackCountry "GBR"]
[WhiteElo "1880"]
[WhiteRD "93"]
[BlackElo "1951"]
[BlackRD "81"]
[GameID "112495"]

1. d4 d5 2. c4 dxc4 3. e3 Nf6 4. Bxc4 e6 5. Nc3 a6 6. Nf3 b5 7. Bb3 Bb7 8. O-O Nbd7 9. e4 Nxe4 10. Nxe4 Bxe4
11. Re1 Nf6 12. Rxe4 Nxe4 13. Qc2 Nf6 14. Qc6+ Ke7 15. Ne5 Qc8 16. Be3 Ne8 17. Qf3 Nd6 18. d5 Qb7 19. Nc6+ Ke8 20. dxe6 f6
21. Bh6 Nc4 22. Bxc4 bxc4 23. Bxg7
1-0

[Event "large blitz knockout"]
[Site "SchemingMind.com"]
[Date "2007.07.12"]
[Round "-"]
[White "swashbuckler"]
[Black "NinjaPawn"]
[Result "1/2-1/2"]
[WhiteCountry "GBR"]
[BlackCountry "ENG"]
[WhiteElo "1948"]
[WhiteRD "85"]
[BlackElo "1951"]
[BlackRD "89"]
[GameID "112501"]

1. f4 d5 2. b3 Nf6 3. e3 Bf5 4. Nf3 e6 5. Bb2 Bd6 6. Nc3 O-O 7. Ne2 Bg4 8. Ng3 Ne4 9. Be2 Be7 10. Ne5 Bxe2
11. Qxe2 f6 12. Nf3 Nc6 13. d3 Bb4+ 14. Kf1 Nc3 15. Qf2 Ba5 16. a3 e5 17. Nh4 d4 18. e4 Qd7 19. f5 Qd6 20. Nh5 Nb5
21. b4 Bb6 22. g4 a5 23. bxa5 Bxa5 24. Rg1 Bc3 25. Bxc3 Nxc3 26. g5 Rxa3 27. Re1 fxg5 28. Rxg5 g6 29. Qg2 Ne7 30. Kg1 Ra6
31. fxg6 hxg6 32. Nf5 Qe6 33. Rf1 Nxf5 34. exf5 Qf7 35. f6 Kh7 36. Rxe5 Re6 37. Rxe6 Qxe6 38. Ng7 Qe3+ 39. Kh1 Qe5 40. Qh3+ Kg8
41. Qe6+ Qxe6 42. Nxe6 Rf7 43. Ng5 Nd5 44. Nxf7 Kxf7 45. h4 c6 46. Rf2 Ne3 47. Kg1 b5 48. Kh1 c5 49. Kg1 b4 50. Kh1 Nf5
51. Rf4 Kxf6 52. Kh2 g5 53. hxg5+ Kxg5 54. Rf2 Kg4 55. Kg1 Ne3 56. Re2= Kf4 57. Kf2 Ke5=
1/2-1/2

[Event "large blitz knockout"]
[Site "SchemingMind.com"]
[Date "2007.07.30"]
[Round "-"]
[White "capablanca"]
[Black "sidra"]
[Result "1-0"]
[WhiteCountry "GER"]
[BlackCountry "HUN"]
[WhiteElo "1686"]
[WhiteRD "64"]
[BlackElo "1671"]
[BlackRD "79"]
[GameID "114229"]

1. c4 e5 2. Nc3 c6 3. d4 f6 4. dxe5 fxe5 5. g3 d6 6. Bg2 h6 7. e3 Nf6 8. b3 Be6 9. Qc2 Nbd7 10. Nf3 g5
11. Ba3 e4 12. Nxe4 Nxe4 13. Qxe4 Qe7 14. Qd4 Bg7 15. Qxd6 Qxd6 16. Bxd6 Bxa1 17. O-O Bg7 18. Nd4 Bxd4 19. exd4 O-O-O 20. d5 cxd5
21. cxd5 Nb6 22. Rc1+ Kd7 23. Bc7 Rde8 24. dxe6+ Rxe6 25. Bh3 Rc8 26. Bxe6+ Kxe6 27. Re1+ Kf7 28. Bxb6 axb6 29. a4 Rc3 30. Re3 Rxe3
31. fxe3 Ke6 32. Kf2 Kd5 33. Kf3 h5 34. h3 Ke5 35. b4 Kd5 36. e4+ Kc4 37. Ke3 b5 38. axb5 Kxb4 39. Kd4 Kxb5 40. Kd5 b6
41. e5 Ka6 42. e6 b5 43. e7 Kb6 44. e8=Q h4 45. Qb8+ Ka5 46. Kc5 Ka4 47. Qxb5+ Ka3 48. Kc4 Ka2 49. Kc3 Ka1 50. Qb2#
1-0

[Event "large blitz knockout"]
[Site "SchemingMind.com"]
[Date "2007.07.30"]
[Round "-"]
[White "sidra"]
[Black "capablanca"]
[Result "1/2-1/2"]
[WhiteCountry "HUN"]
[BlackCountry "GER"]
[WhiteElo "1671"]
[WhiteRD "79"]
[BlackElo "1686"]
[BlackRD "64"]
[GameID "114241"]

1. d4 Nf6 2. c4 e6 3. a3 c5 4. e3 cxd4 5. exd4 d5 6. c5 b6 7. b4 Be7 8. f3 a6 9. Bd3 Nc6 10. Ne2 Nd7
11. cxb6 Qxb6 12. Bb2 Bf6 13. Bc2 a5 14. O-O axb4 15. axb4 Rxa1 16. Bxa1 Qxb4 17. Bc3 Qb8 18. Qd2 O-O 19. Qd3 g6 20. f4 Ne7
21. g3 Qb6 22. Qd2 Ba6 23. Bd3 Rc8 24. Bxa6 Qxa6 25. g4 Nb6 26. g5 Bg7 27. h4 Nc4 28. Qe1 Nc6 29. Nd2 N6a5 30. Nxc4 Nxc4
31. Rf3 Rb8 32. Kf2 Qa2 33. Rd3 Rb1 34. Rd1 Rxd1 35. Qxd1 Nd6 36. Kf3 Ne4 37. Qc1 Qc4 38. Ke3 Nxc3 39. Qxc3 Qxc3+ 40. Nxc3 h6
41. Nb5 hxg5 42. hxg5 Kf8 43. Nc3 Ke7 44. Ne2 f6 45. gxf6+ Bxf6 46. Kf3 Kd6 47. Ke3 Kc6 48. Kd3 Kb5 49. Kc3 Ka4 50. Ng3 Bh4
51. Ne2 Ka3 52. Kc2 Kb4 53. Kd3 Kb3 54. Nc1+ Kb2 55. Ne2 Bf2 56. Nc3 Bg3 57. Ne2 Be1 58. Ng1 Bg3=
1/2-1/2

[Event "large blitz knockout"]
[Site "SchemingMind.com"]
[Date "2007.08.06"]
[Round "-"]
[White "jtrochez1"]
[Black "time_pressure"]
[Result "0-1"]
[WhiteCountry "HON"]
[BlackCountry "USA"]
[WhiteElo "1572"]
[WhiteRD "47"]
[BlackElo "2111"]
[BlackRD "76"]
[GameID "114934"]

1. e4 c6 2. d4 d5 3. e5 Bf5 4. Nf3 e6 5. Bd3 Bxd3 6. Qxd3 Ne7 7. Bg5 h6 8. Bd2 Nf5 9. c3 Be7 10. O-O Nd7
11. c4 dxc4 12. Qxc4 Nb6
0-1

[Event "large blitz knockout"]
[Site "SchemingMind.com"]
[Date "2007.08.04"]
[Round "-"]
[White "time_pressure"]
[Black "jtrochez1"]
[Result "1-0"]
[WhiteCountry "USA"]
[BlackCountry "HON"]
[WhiteElo "2111"]
[WhiteRD "76"]
[BlackElo "1572"]
[BlackRD "47"]
[GameID "114939"]

1. e4 e5 2. Nf3 d6 3. d4 exd4 4. Nxd4 Nf6 5. Nc3 Bd7 6. Bd3 Be7 7. Bf4 Nc6 8. Nxc6 Bxc6 9. O-O O-O 10. Nd5 Nxd5
11. exd5 Bd7 12. c3 Re8 13. Re1
1-0

[Event "large blitz knockout"]
[Site "SchemingMind.com"]
[Date "2007.09.07"]
[Round "-"]
[White "capablanca"]
[Black "time_pressure"]
[Result "0-1"]
[WhiteCountry "GER"]
[BlackCountry "USA"]
[WhiteElo "1686"]
[WhiteRD "64"]
[BlackElo "2109"]
[BlackRD "76"]
[GameID "119636"]

1. c4 e5 2. Nc3 Nc6 3. g3 Nf6 4. Bg2 Bc5 5. d3 O-O 6. Nf3 d6 7. O-O Bb6 8. Bg5 h6 9. Bxf6 Qxf6 10. Nd5 Qd8
11. Nxb6 axb6 12. Nd2 Bg4 13. h3 Bh5 14. Qe1 Nd4 15. g4 Bg6 16. Qd1 c6 17. Ne4 f5 18. Nc3 fxg4 19. hxg4 Qh4 20. e3 Ne6
21. Ne4 Bxe4 22. Bxe4 Ng5 23. Bg2 Nh3+ 24. Bxh3 Qxh3 25. f4 Qxe3+ 26. Kg2 Rxf4
0-1

[Event "large blitz knockout"]
[Site "SchemingMind.com"]
[Date "2007.09.11"]
[Round "-"]
[White "NinjaPawn"]
[Black "mebalse"]
[Result "1-0"]
[WhiteCountry "ENG"]
[BlackCountry "URU"]
[WhiteElo "1993"]
[WhiteRD "89"]
[BlackElo "1894"]
[BlackRD "78"]
[GameID "120264"]

1. d4 d5 2. c4 dxc4 3. e3 b5 4. a4 Ba6 5. axb5 Bxb5 6. Nc3 c6 7. b3 cxb3 8. Bxb5 cxb5 9. Qxb3 e6 10. Qxb5+ Nd7
11. Nge2 Nf6 12. O-O Be7 13. e4 O-O 14. Ba3 Bxa3 15. Rxa3 Qc7 16. e5 Rfb8 17. Qd3 Ne8 18. f4 a5 19. Qe4 Ra7 20. f5 exf5
21. Qxf5 Qc4 22. Rfa1 g6 23. Qe4 Rba8 24. Nd5 f5 25. Qf3 Nc7 26. Ne7+ Kf7 27. Rc1 Qb5 28. Rb3 Qa4 29. Nc6 Ra6 30. Rb7
1-0

[Event "large blitz knockout"]
[Site "SchemingMind.com"]
[Date "2007.09.12"]
[Round "-"]
[White "mebalse"]
[Black "NinjaPawn"]
[Result "0-1"]
[WhiteCountry "URU"]
[BlackCountry "ENG"]
[WhiteElo "1894"]
[WhiteRD "78"]
[BlackElo "1993"]
[BlackRD "89"]
[GameID "120270"]

1. d4 Nf6 2. c4 e6 3. a3 d5 4. Nc3 Nbd7 5. Bf4 dxc4 6. e3 Nd5 7. Nge2 c6 8. Bg3 Be7 9. Qc2 b5 10. Ne4 O-O
11. N2c3 f5 12. Nd2 Qb6 13. a4 Bb4 14. Nxd5 exd5 15. axb5 c5 16. O-O-O Kh8 17. Nf3 a6 18. Qa4 Bb7 19. dxc5 Bxc5 20. Nd4 axb5
21. Qc2 Bxd4 22. Rxd4 Nc5
0-1

[Event "large blitz knockout"]
[Site "SchemingMind.com"]
[Date "2007.10.12"]
[Round "-"]
[White "NinjaPawn"]
[Black "Bjorno84"]
[Result "1-0"]
[WhiteCountry "ENG"]
[BlackCountry "USA"]
[WhiteElo "2021"]
[WhiteRD "90"]
[BlackElo "1876"]
[BlackRD "90"]
[GameID "124323"]

1. d4 d5 2. c4 c6 3. e3 Nf6 4. Nc3 e6 5. Nf3 Bb4 6. Bd3 O-O 7. O-O b6 8. Qc2 Ba6 9. b3 Nbd7 10. Rd1 dxc4
11. bxc4 c5 12. Ne4 cxd4 13. exd4 Bb7 14. a3 Be7 15. Bf4 Bxe4 16. Bxe4 Nxe4 17. Qxe4 Nf6 18. Qb7 Qd7 19. Qxd7 Nxd7 20. Kf1 Rac8
21. Rac1 a5 22. a4 Rc6 23. Ke2 Rfc8 24. Kd3 Bd6 25. Bxd6 Rxd6 26. Ke3 Rdc6 27. Ne5 Nxe5 28. dxe5 g6 29. Rd4 Rc5 30. f4 Kg7
31. Kd3 h5 32. Rd6 R5c6 33. Rxc6 Rxc6 34. Rb1 Kh6 35. h4 Kg7 36. Rb5 f6 37. c5 bxc5 38. Kc4 fxe5 39. fxe5 g5 40. hxg5 Kg6
41. Rxa5 Kxg5 42. Rxc5 Ra6 43. a5 Ra8 44. Kb5 Rb8+ 45. Kc6
1-0

[Event "large blitz knockout"]
[Site "SchemingMind.com"]
[Date "2007.10.15"]
[Round "-"]
[White "Bjorno84"]
[Black "NinjaPawn"]
[Result "0-1"]
[WhiteCountry "USA"]
[BlackCountry "ENG"]
[WhiteElo "1876"]
[WhiteRD "90"]
[BlackElo "2021"]
[BlackRD "90"]
[GameID "124328"]

1. d4 Nf6 2. Nf3 d5 3. c4 dxc4 4. e3 Bf5 5. Bxc4 e6 6. Qb3 b6 7. Ne5 c6 8. Nd2 a5 9. O-O a4 10. Qc3 Nd5
11. Bxd5 cxd5 12. b3 Bd6 13. Nef3 O-O 14. Bb2 a3 15. Bc1 Qe7 16. b4 Bxb4 17. Qb3 Rc8 18. e4 dxe4 19. Ne5 Rc3 20. Qd1 f6
21. Nec4 Nc6 22. Nxb6 Rd8 23. Na4 Rd3
0-1

[Event "large blitz knockout"]
[Site "SchemingMind.com"]
[Date "2007.11.28"]
[Round "-"]
[White "NinjaPawn"]
[Black "time_pressure"]
[Result "1/2-1/2"]
[WhiteCountry "ENG"]
[BlackCountry "USA"]
[WhiteElo "2022"]
[WhiteRD "98"]
[BlackElo "2246"]
[BlackRD "73"]
[GameID "130822"]

1. e4 c5 2. Nf3 d6 3. d4 cxd4 4. Nxd4 Nf6 5. Nc3 g6 6. Be2 Bg7 7. Be3 O-O 8. O-O Nc6 9. f4 Bg4 10. Nxc6 Bxe2
11. Nxe7+ Qxe7 12. Qxe2 Nxe4 13. Nd5 Qd7 14. f5 Nf6 15. Nxf6+ Bxf6 16. c3 Be5 17. Rf3 d5 18. Qd2 Qd6 19. Rh3 Rfd8 20. Bd4 Bxd4+
21. cxd4 gxf5 22. Rh6 f6 23. Rf1 Re8 24. Rxf5 Re6 25. Rf1 Rae8 26. Qf2 Qe7 27. Qg3+ Qg7 28. Rhxf6 Qxg3 29. hxg3 Rxf6 30. Rxf6 Re2
31. Rf2 Re4 32. Rf4 Re1+ 33. Kf2 Rb1 34. b3 Rb2+ 35. Kf3 Rxa2 36. Rf5 Ra5 37. g4 Rb5 38. b4 Kg7 39. Kf4 Kg6 40. g5 Rxb4
41. Rxd5 a5 42. Rd6+ Kg7 43. Kf5 a4 44. Rd7+ Kf8 45. Rxh7 Rb6 46. Rh3 Ra6 47. g6 a3 48. Rh8+ Kg7 49. Rh7+ Kg8 50. Rxb7 a2=
1/2-1/2

[Event "large blitz knockout"]
[Site "SchemingMind.com"]
[Date "2007.11.28"]
[Round "-"]
[White "time_pressure"]
[Black "NinjaPawn"]
[Result "1-0"]
[WhiteCountry "USA"]
[BlackCountry "ENG"]
[WhiteElo "2247"]
[WhiteRD "75"]
[BlackElo "2011"]
[BlackRD "101"]
[GameID "130830"]

1. e4 e5 2. Nf3 Nc6 3. Bc4 Bc5 4. c3 Nf6 5. d4 exd4 6. cxd4 Bb4+ 7. Nbd2 d5 8. exd5 Nxd5 9. O-O O-O 10. Ne5 Na5
11. Bd3 Nf4 12. Ndf3 Nxd3 13. Qxd3 Qd5 14. Ng5 g6 15. Qg3 h5 16. Qh4 Kg7 17. Ne4 f6 18. Nd3 Qxd4 19. Nxb4 Bf5 20. Qf4 Qxb4
21. Qh6+ Kg8 22. Ng3 Qb5 23. a4 Qd5 24. Nxf5 Qxf5 25. Ra3 Rf7 26. Rf3 Qc2 27. Bd2 Nc4 28. Bc3 Ne5 29. Bxe5 fxe5 30. Rxf7 Kxf7
31. f4 exf4 32. Qxf4+ Kg8 33. Qf7+ Kh8 34. Qf6+ Kh7 35. Qe7+ Kh8 36. Qe5+ Kg8 37. h3 Qc4 38. Rf6 Kh7 39. Rf3 Rg8 40. Rc3 Qxa4
41. Rxc7+ Kh6 42. Qe3+ g5 43. Qd3 Rg7 44. Rc8 Rg6 45. Qc3 Re6 46. Rh8+ Kg6 47. Rg8+ Kf5 48. Qf3+ Qf4 49. Rf8+ Rf6 50. Qd3+ Ke5
51. Qb5+ Kd4 52. Qb4+ Kd5 53. Qxb7+ Kd4 54. Qxa7+ Kd5 55. Qa5+ Ke4 56. Re8+ Kd4 57. Re1 Qf2+ 58. Kh1
1-0